| 000 | 01033nam a2200313 a 4500 | ||
|---|---|---|---|
| 001 | 000021552 | ||
| 005 | 20200930011349.0 | ||
| 008 | 100909s1979 sp 001 0 spa d | ||
| 020 | _a843760205X | ||
| 040 |
_aDO-SdBNP _bspa _cBNPHU |
||
| 082 |
_a415 _bT314e |
||
| 245 | 0 | 3 |
_aLa teoría estándar extendida / _cN. Chomsky ...[et al.]. |
| 260 |
_aMadrid : _bCátedra, _c1979. |
||
| 300 |
_a215 p. ; _c21 cm. |
||
| 504 | _aIncluye bibliografía y notas al pie de páginas. | ||
| 504 | _aBibliografía: p. 214-215. | ||
| 650 | 4 |
_aEspañol _xGramática generativa _927833 |
|
| 650 | 4 |
_aGramática generativa _xEnsayos, conferencias, etc. _944915 |
|
| 700 | 1 |
_aChomsky, Noam _944916 |
|
| 700 | 1 |
_aEmonds, Joseph _944917 |
|
| 700 | 1 |
_aFaye, Jean Pierre _944918 |
|
| 700 | 1 |
_aJackendoff, Ray _944919 |
|
| 700 | 1 |
_aRonat, Mitsou _944920 |
|
| 700 | 1 |
_aSelkirk, Elizabeth _944921 |
|
| 700 | 1 |
_aPelegrín Otero, Carlos _944922 |
|
| 700 | 1 |
_aMilnier, Jean-Claude _944923 |
|
| 910 | _aValidado. Control de calidad EMS | ||
| 049 | _aBNPD | ||
| 999 |
_c21051 _d21051 |
||